<?xml version="1.0" encoding="UTF-8"?>
<record
    xmlns:xsi="http://www.w3.org/2001/XMLSchema-instance"
    xsi:schemaLocation="http://www.loc.gov/MARC21/slim http://www.loc.gov/standards/marcxml/schema/MARC21slim.xsd"
    xmlns="http://www.loc.gov/MARC21/slim">

  <leader>00862nam a2200265 a 4500</leader>
  <datafield tag="999" ind1=" " ind2=" ">
    <subfield code="c">4713</subfield>
    <subfield code="d">4713</subfield>
  </datafield>
  <controlfield tag="001">16120</controlfield>
  <controlfield tag="003">BD-DhUAP</controlfield>
  <controlfield tag="005">20210126124913.0</controlfield>
  <controlfield tag="008">201117r20112009    enk           000 0 eng d</controlfield>
  <datafield tag="020" ind1=" " ind2=" ">
    <subfield code="a">8121929784</subfield>
  </datafield>
  <datafield tag="040" ind1=" " ind2=" ">
    <subfield code="a">BD-DhUAP</subfield>
    <subfield code="c">BD-DhUAP</subfield>
    <subfield code="d">BD-DhUAP</subfield>
    <subfield code="b">Eng</subfield>
  </datafield>
  <datafield tag="082" ind1=" " ind2=" ">
    <subfield code="a">541.3 BAH</subfield>
    <subfield code="2">23</subfield>
  </datafield>
  <datafield tag="100" ind1=" " ind2=" ">
    <subfield code="a">Bahl, Arun.</subfield>
  </datafield>
  <datafield tag="245" ind1=" " ind2=" ">
    <subfield code="a">Essentials of physical chemistry :  </subfield>
    <subfield code="b">(a textbook for B.Sc. classes as per UGC model syllabus) /</subfield>
    <subfield code="c">Arun Bahl, B. S. Bahl and G. D. Tuli.</subfield>
  </datafield>
  <datafield tag="250" ind1=" " ind2=" ">
    <subfield code="a">1st rev. ed.</subfield>
  </datafield>
  <datafield tag="260" ind1=" " ind2=" ">
    <subfield code="a">New Delhi : </subfield>
    <subfield code="b">S. Chand, </subfield>
    <subfield code="c">c2009 [Reprinted 2011].</subfield>
  </datafield>
  <datafield tag="300" ind1=" " ind2=" ">
    <subfield code="a">xxii, 1144 pages :</subfield>
    <subfield code="b">illustrations ;</subfield>
    <subfield code="c">24 cm.</subfield>
  </datafield>
  <datafield tag="500" ind1=" " ind2=" ">
    <subfield code="a">Includes index.</subfield>
  </datafield>
  <datafield tag="650" ind1=" " ind2=" ">
    <subfield code="a">Chemistry, Physical and theoretical.</subfield>
  </datafield>
  <datafield tag="700" ind1=" " ind2=" ">
    <subfield code="a">Bahl, B. S.</subfield>
  </datafield>
  <datafield tag="700" ind1=" " ind2=" ">
    <subfield code="a">Tuli, G. D.</subfield>
  </datafield>
  <datafield tag="942" ind1=" " ind2=" ">
    <subfield code="2">ddc</subfield>
    <subfield code="c">BK</subfield>
  </datafield>
  <datafield tag="952" ind1=" " ind2=" ">
    <subfield code="0">0</subfield>
    <subfield code="1">0</subfield>
    <subfield code="2">ddc</subfield>
    <subfield code="4">0</subfield>
    <subfield code="7">0</subfield>
    <subfield code="a">UAPCL</subfield>
    <subfield code="b">UAPCL</subfield>
    <subfield code="c">General Stacks</subfield>
    <subfield code="d">2020-11-17</subfield>
    <subfield code="l">5</subfield>
    <subfield code="m">1</subfield>
    <subfield code="o">541.3 BAH</subfield>
    <subfield code="p">3010016120</subfield>
    <subfield code="r">2025-02-10</subfield>
    <subfield code="s">2025-01-27</subfield>
    <subfield code="t">1</subfield>
    <subfield code="w">2020-11-17</subfield>
    <subfield code="y">BK</subfield>
  </datafield>
  <datafield tag="952" ind1=" " ind2=" ">
    <subfield code="0">0</subfield>
    <subfield code="1">0</subfield>
    <subfield code="2">ddc</subfield>
    <subfield code="4">0</subfield>
    <subfield code="7">0</subfield>
    <subfield code="a">UAPCL</subfield>
    <subfield code="b">UAPCL</subfield>
    <subfield code="c">General Stacks</subfield>
    <subfield code="d">2020-11-17</subfield>
    <subfield code="l">1</subfield>
    <subfield code="o">541.3 BAH</subfield>
    <subfield code="p">3010015729</subfield>
    <subfield code="r">2023-01-23</subfield>
    <subfield code="s">2023-01-19</subfield>
    <subfield code="t">2</subfield>
    <subfield code="w">2020-11-17</subfield>
    <subfield code="y">BK</subfield>
  </datafield>
  <datafield tag="952" ind1=" " ind2=" ">
    <subfield code="0">0</subfield>
    <subfield code="1">0</subfield>
    <subfield code="2">ddc</subfield>
    <subfield code="4">0</subfield>
    <subfield code="7">0</subfield>
    <subfield code="a">UAPCL</subfield>
    <subfield code="b">UAPCL</subfield>
    <subfield code="c">General Stacks</subfield>
    <subfield code="d">2020-11-17</subfield>
    <subfield code="o">541.3 BAH</subfield>
    <subfield code="p">3010015731</subfield>
    <subfield code="r">2020-11-17</subfield>
    <subfield code="t">3</subfield>
    <subfield code="w">2020-11-17</subfield>
    <subfield code="y">BK</subfield>
  </datafield>
  <datafield tag="952" ind1=" " ind2=" ">
    <subfield code="0">0</subfield>
    <subfield code="1">0</subfield>
    <subfield code="2">ddc</subfield>
    <subfield code="4">0</subfield>
    <subfield code="7">0</subfield>
    <subfield code="a">UAPCL</subfield>
    <subfield code="b">UAPCL</subfield>
    <subfield code="c">General Stacks</subfield>
    <subfield code="d">2020-11-17</subfield>
    <subfield code="l">4</subfield>
    <subfield code="o">541.3 BAH</subfield>
    <subfield code="p">3010016123</subfield>
    <subfield code="r">2023-08-01</subfield>
    <subfield code="s">2023-07-17</subfield>
    <subfield code="t">4</subfield>
    <subfield code="w">2020-11-17</subfield>
    <subfield code="y">BK</subfield>
  </datafield>
  <datafield tag="952" ind1=" " ind2=" ">
    <subfield code="0">0</subfield>
    <subfield code="1">0</subfield>
    <subfield code="2">ddc</subfield>
    <subfield code="4">0</subfield>
    <subfield code="7">0</subfield>
    <subfield code="a">UAPCL</subfield>
    <subfield code="b">UAPCL</subfield>
    <subfield code="c">General Stacks</subfield>
    <subfield code="d">2020-11-17</subfield>
    <subfield code="l">3</subfield>
    <subfield code="o">541.3 BAH</subfield>
    <subfield code="p">3010015730</subfield>
    <subfield code="r">2023-08-06</subfield>
    <subfield code="s">2023-07-23</subfield>
    <subfield code="t">5</subfield>
    <subfield code="w">2020-11-17</subfield>
    <subfield code="y">BK</subfield>
  </datafield>
  <datafield tag="952" ind1=" " ind2=" ">
    <subfield code="0">0</subfield>
    <subfield code="1">0</subfield>
    <subfield code="2">ddc</subfield>
    <subfield code="4">0</subfield>
    <subfield code="7">0</subfield>
    <subfield code="a">UAPCL</subfield>
    <subfield code="b">UAPCL</subfield>
    <subfield code="c">General Stacks</subfield>
    <subfield code="d">2020-11-17</subfield>
    <subfield code="l">4</subfield>
    <subfield code="m">6</subfield>
    <subfield code="o">541.3 BAH</subfield>
    <subfield code="p">3010011916</subfield>
    <subfield code="q">2023-07-30</subfield>
    <subfield code="r">2023-07-16</subfield>
    <subfield code="s">2023-07-16</subfield>
    <subfield code="t">6</subfield>
    <subfield code="w">2020-11-17</subfield>
    <subfield code="y">BK</subfield>
  </datafield>
  <datafield tag="952" ind1=" " ind2=" ">
    <subfield code="0">0</subfield>
    <subfield code="1">0</subfield>
    <subfield code="2">ddc</subfield>
    <subfield code="4">0</subfield>
    <subfield code="7">0</subfield>
    <subfield code="a">UAPCL</subfield>
    <subfield code="b">UAPCL</subfield>
    <subfield code="c">General Stacks</subfield>
    <subfield code="d">2020-11-17</subfield>
    <subfield code="o">541.3 BAH</subfield>
    <subfield code="p">3010011921</subfield>
    <subfield code="r">2020-11-17</subfield>
    <subfield code="t">7</subfield>
    <subfield code="w">2020-11-17</subfield>
    <subfield code="y">BK</subfield>
  </datafield>
  <datafield tag="952" ind1=" " ind2=" ">
    <subfield code="0">0</subfield>
    <subfield code="1">0</subfield>
    <subfield code="2">ddc</subfield>
    <subfield code="4">0</subfield>
    <subfield code="7">0</subfield>
    <subfield code="a">UAPCL</subfield>
    <subfield code="b">UAPCL</subfield>
    <subfield code="c">General Stacks</subfield>
    <subfield code="d">2020-11-17</subfield>
    <subfield code="l">8</subfield>
    <subfield code="m">8</subfield>
    <subfield code="o">541.3 BAH</subfield>
    <subfield code="p">3010011919</subfield>
    <subfield code="q">2026-06-11</subfield>
    <subfield code="r">2026-05-14</subfield>
    <subfield code="s">2026-05-14</subfield>
    <subfield code="t">8</subfield>
    <subfield code="w">2020-11-17</subfield>
    <subfield code="y">BK</subfield>
  </datafield>
  <datafield tag="952" ind1=" " ind2=" ">
    <subfield code="0">0</subfield>
    <subfield code="1">0</subfield>
    <subfield code="2">ddc</subfield>
    <subfield code="4">0</subfield>
    <subfield code="7">0</subfield>
    <subfield code="a">UAPCL</subfield>
    <subfield code="b">UAPCL</subfield>
    <subfield code="c">General Stacks</subfield>
    <subfield code="d">2020-11-17</subfield>
    <subfield code="o">541.3 BAH</subfield>
    <subfield code="p">3010015734</subfield>
    <subfield code="r">2020-11-17</subfield>
    <subfield code="t">9</subfield>
    <subfield code="w">2020-11-17</subfield>
    <subfield code="y">BK</subfield>
  </datafield>
  <datafield tag="952" ind1=" " ind2=" ">
    <subfield code="0">0</subfield>
    <subfield code="1">0</subfield>
    <subfield code="2">ddc</subfield>
    <subfield code="4">0</subfield>
    <subfield code="7">0</subfield>
    <subfield code="a">UAPCL</subfield>
    <subfield code="b">UAPCL</subfield>
    <subfield code="c">General Stacks</subfield>
    <subfield code="d">2020-11-17</subfield>
    <subfield code="l">6</subfield>
    <subfield code="m">3</subfield>
    <subfield code="o">541.3 BAH</subfield>
    <subfield code="p">3010017516</subfield>
    <subfield code="r">2023-07-31</subfield>
    <subfield code="s">2023-07-16</subfield>
    <subfield code="t">10</subfield>
    <subfield code="w">2020-11-17</subfield>
    <subfield code="y">BK</subfield>
  </datafield>
  <datafield tag="952" ind1=" " ind2=" ">
    <subfield code="0">0</subfield>
    <subfield code="1">0</subfield>
    <subfield code="2">ddc</subfield>
    <subfield code="4">0</subfield>
    <subfield code="7">0</subfield>
    <subfield code="a">UAPCL</subfield>
    <subfield code="b">UAPCL</subfield>
    <subfield code="c">General Stacks</subfield>
    <subfield code="d">2020-11-17</subfield>
    <subfield code="l">6</subfield>
    <subfield code="m">4</subfield>
    <subfield code="o">541.3 BAH</subfield>
    <subfield code="p">3010017519</subfield>
    <subfield code="r">2025-02-10</subfield>
    <subfield code="s">2025-01-27</subfield>
    <subfield code="t">11</subfield>
    <subfield code="w">2020-11-17</subfield>
    <subfield code="y">BK</subfield>
  </datafield>
  <datafield tag="952" ind1=" " ind2=" ">
    <subfield code="0">0</subfield>
    <subfield code="1">0</subfield>
    <subfield code="2">ddc</subfield>
    <subfield code="4">0</subfield>
    <subfield code="7">0</subfield>
    <subfield code="a">UAPCL</subfield>
    <subfield code="b">UAPCL</subfield>
    <subfield code="c">General Stacks</subfield>
    <subfield code="d">2020-11-17</subfield>
    <subfield code="l">4</subfield>
    <subfield code="o">541.3 BAH</subfield>
    <subfield code="p">3010015728</subfield>
    <subfield code="r">2025-10-13</subfield>
    <subfield code="s">2025-09-02</subfield>
    <subfield code="t">12</subfield>
    <subfield code="w">2020-11-17</subfield>
    <subfield code="y">BK</subfield>
  </datafield>
  <datafield tag="952" ind1=" " ind2=" ">
    <subfield code="0">0</subfield>
    <subfield code="1">0</subfield>
    <subfield code="2">ddc</subfield>
    <subfield code="4">0</subfield>
    <subfield code="7">0</subfield>
    <subfield code="a">UAPCL</subfield>
    <subfield code="b">UAPCL</subfield>
    <subfield code="c">General Stacks</subfield>
    <subfield code="d">2020-11-17</subfield>
    <subfield code="o">541.3 BAH</subfield>
    <subfield code="p">3010015733</subfield>
    <subfield code="r">2020-11-17</subfield>
    <subfield code="t">13</subfield>
    <subfield code="w">2020-11-17</subfield>
    <subfield code="y">BK</subfield>
  </datafield>
  <datafield tag="952" ind1=" " ind2=" ">
    <subfield code="0">0</subfield>
    <subfield code="1">0</subfield>
    <subfield code="2">ddc</subfield>
    <subfield code="4">0</subfield>
    <subfield code="7">0</subfield>
    <subfield code="a">UAPCL</subfield>
    <subfield code="b">UAPCL</subfield>
    <subfield code="c">General Stacks</subfield>
    <subfield code="d">2020-11-17</subfield>
    <subfield code="l">6</subfield>
    <subfield code="m">4</subfield>
    <subfield code="o">541.3 BAH</subfield>
    <subfield code="p">3010017518</subfield>
    <subfield code="r">2024-09-22</subfield>
    <subfield code="s">2024-09-11</subfield>
    <subfield code="t">14</subfield>
    <subfield code="w">2020-11-17</subfield>
    <subfield code="y">BK</subfield>
  </datafield>
  <datafield tag="952" ind1=" " ind2=" ">
    <subfield code="0">0</subfield>
    <subfield code="1">0</subfield>
    <subfield code="2">ddc</subfield>
    <subfield code="4">0</subfield>
    <subfield code="7">0</subfield>
    <subfield code="a">UAPCL</subfield>
    <subfield code="b">UAPCL</subfield>
    <subfield code="c">General Stacks</subfield>
    <subfield code="d">2020-11-17</subfield>
    <subfield code="l">6</subfield>
    <subfield code="m">2</subfield>
    <subfield code="o">541.3 BAH</subfield>
    <subfield code="p">3010016127</subfield>
    <subfield code="r">2025-02-10</subfield>
    <subfield code="s">2025-01-27</subfield>
    <subfield code="t">15</subfield>
    <subfield code="w">2020-11-17</subfield>
    <subfield code="y">BK</subfield>
  </datafield>
  <datafield tag="952" ind1=" " ind2=" ">
    <subfield code="0">0</subfield>
    <subfield code="1">0</subfield>
    <subfield code="2">ddc</subfield>
    <subfield code="4">0</subfield>
    <subfield code="7">0</subfield>
    <subfield code="a">UAPCL</subfield>
    <subfield code="b">UAPCL</subfield>
    <subfield code="c">General Stacks</subfield>
    <subfield code="d">2020-11-17</subfield>
    <subfield code="l">3</subfield>
    <subfield code="m">2</subfield>
    <subfield code="o">541.3 BAH</subfield>
    <subfield code="p">3010011918</subfield>
    <subfield code="r">2025-09-07</subfield>
    <subfield code="s">2025-08-03</subfield>
    <subfield code="t">16</subfield>
    <subfield code="w">2020-11-17</subfield>
    <subfield code="y">BK</subfield>
  </datafield>
  <datafield tag="952" ind1=" " ind2=" ">
    <subfield code="0">0</subfield>
    <subfield code="1">0</subfield>
    <subfield code="2">ddc</subfield>
    <subfield code="4">0</subfield>
    <subfield code="7">0</subfield>
    <subfield code="a">UAPCL</subfield>
    <subfield code="b">UAPCL</subfield>
    <subfield code="c">General Stacks</subfield>
    <subfield code="d">2020-11-17</subfield>
    <subfield code="o">541.3 BAH</subfield>
    <subfield code="p">3010015732</subfield>
    <subfield code="r">2020-11-17</subfield>
    <subfield code="t">17</subfield>
    <subfield code="w">2020-11-17</subfield>
    <subfield code="y">BK</subfield>
  </datafield>
  <datafield tag="952" ind1=" " ind2=" ">
    <subfield code="0">0</subfield>
    <subfield code="1">0</subfield>
    <subfield code="2">ddc</subfield>
    <subfield code="4">0</subfield>
    <subfield code="7">0</subfield>
    <subfield code="a">UAPCL</subfield>
    <subfield code="b">UAPCL</subfield>
    <subfield code="c">General Stacks</subfield>
    <subfield code="d">2020-11-17</subfield>
    <subfield code="l">1</subfield>
    <subfield code="m">2</subfield>
    <subfield code="o">541.3 BAH</subfield>
    <subfield code="p">3010016128</subfield>
    <subfield code="r">2023-02-22</subfield>
    <subfield code="s">2023-01-23</subfield>
    <subfield code="t">18</subfield>
    <subfield code="w">2020-11-17</subfield>
    <subfield code="y">BK</subfield>
  </datafield>
  <datafield tag="952" ind1=" " ind2=" ">
    <subfield code="0">0</subfield>
    <subfield code="1">0</subfield>
    <subfield code="2">ddc</subfield>
    <subfield code="4">0</subfield>
    <subfield code="7">0</subfield>
    <subfield code="a">UAPCL</subfield>
    <subfield code="b">UAPCL</subfield>
    <subfield code="c">General Stacks</subfield>
    <subfield code="d">2020-11-17</subfield>
    <subfield code="l">2</subfield>
    <subfield code="o">541.3 BAH</subfield>
    <subfield code="p">3010017520</subfield>
    <subfield code="r">2023-05-23</subfield>
    <subfield code="s">2023-05-17</subfield>
    <subfield code="t">19</subfield>
    <subfield code="w">2020-11-17</subfield>
    <subfield code="y">BK</subfield>
  </datafield>
  <datafield tag="952" ind1=" " ind2=" ">
    <subfield code="0">0</subfield>
    <subfield code="1">0</subfield>
    <subfield code="2">ddc</subfield>
    <subfield code="4">0</subfield>
    <subfield code="7">0</subfield>
    <subfield code="a">UAPCL</subfield>
    <subfield code="b">UAPCL</subfield>
    <subfield code="c">General Stacks</subfield>
    <subfield code="d">2020-11-17</subfield>
    <subfield code="l">3</subfield>
    <subfield code="m">1</subfield>
    <subfield code="o">541.3 BAH</subfield>
    <subfield code="p">3010015735</subfield>
    <subfield code="r">2023-08-03</subfield>
    <subfield code="s">2023-07-25</subfield>
    <subfield code="t">20</subfield>
    <subfield code="w">2020-11-17</subfield>
    <subfield code="y">BK</subfield>
  </datafield>
  <datafield tag="952" ind1=" " ind2=" ">
    <subfield code="0">0</subfield>
    <subfield code="1">0</subfield>
    <subfield code="2">ddc</subfield>
    <subfield code="4">0</subfield>
    <subfield code="7">0</subfield>
    <subfield code="a">UAPCL</subfield>
    <subfield code="b">UAPCL</subfield>
    <subfield code="c">General Stacks</subfield>
    <subfield code="d">2020-11-17</subfield>
    <subfield code="o">541.3 BAH</subfield>
    <subfield code="p">3010016125</subfield>
    <subfield code="r">2020-11-17</subfield>
    <subfield code="t">21</subfield>
    <subfield code="w">2020-11-17</subfield>
    <subfield code="y">BK</subfield>
  </datafield>
  <datafield tag="952" ind1=" " ind2=" ">
    <subfield code="0">0</subfield>
    <subfield code="1">0</subfield>
    <subfield code="2">ddc</subfield>
    <subfield code="4">0</subfield>
    <subfield code="7">0</subfield>
    <subfield code="a">UAPCL</subfield>
    <subfield code="b">UAPCL</subfield>
    <subfield code="c">General Stacks</subfield>
    <subfield code="d">2020-11-17</subfield>
    <subfield code="l">5</subfield>
    <subfield code="m">5</subfield>
    <subfield code="o">541.3 BAH</subfield>
    <subfield code="p">3010011915</subfield>
    <subfield code="q">2023-02-16</subfield>
    <subfield code="r">2023-01-19</subfield>
    <subfield code="s">2023-01-19</subfield>
    <subfield code="t">22</subfield>
    <subfield code="w">2020-11-17</subfield>
    <subfield code="y">BK</subfield>
  </datafield>
  <datafield tag="952" ind1=" " ind2=" ">
    <subfield code="0">0</subfield>
    <subfield code="1">0</subfield>
    <subfield code="2">ddc</subfield>
    <subfield code="4">0</subfield>
    <subfield code="7">0</subfield>
    <subfield code="a">UAPCL</subfield>
    <subfield code="b">UAPCL</subfield>
    <subfield code="c">General Stacks</subfield>
    <subfield code="d">2020-11-17</subfield>
    <subfield code="o">541.3 BAH</subfield>
    <subfield code="p">3010015726</subfield>
    <subfield code="r">2020-11-17</subfield>
    <subfield code="t">23</subfield>
    <subfield code="w">2020-11-17</subfield>
    <subfield code="y">BK</subfield>
  </datafield>
  <datafield tag="952" ind1=" " ind2=" ">
    <subfield code="0">0</subfield>
    <subfield code="1">0</subfield>
    <subfield code="2">ddc</subfield>
    <subfield code="4">0</subfield>
    <subfield code="7">0</subfield>
    <subfield code="a">UAPCL</subfield>
    <subfield code="b">UAPCL</subfield>
    <subfield code="c">General Stacks</subfield>
    <subfield code="d">2020-11-17</subfield>
    <subfield code="o">541.3 BAH</subfield>
    <subfield code="p">3010016121</subfield>
    <subfield code="r">2020-11-17</subfield>
    <subfield code="t">24</subfield>
    <subfield code="w">2020-11-17</subfield>
    <subfield code="y">BK</subfield>
  </datafield>
  <datafield tag="952" ind1=" " ind2=" ">
    <subfield code="0">0</subfield>
    <subfield code="1">0</subfield>
    <subfield code="2">ddc</subfield>
    <subfield code="4">0</subfield>
    <subfield code="7">0</subfield>
    <subfield code="a">UAPCL</subfield>
    <subfield code="b">UAPCL</subfield>
    <subfield code="c">General Stacks</subfield>
    <subfield code="d">2020-11-17</subfield>
    <subfield code="l">4</subfield>
    <subfield code="m">2</subfield>
    <subfield code="o">541.3 BAH</subfield>
    <subfield code="p">3010015727</subfield>
    <subfield code="r">2025-02-10</subfield>
    <subfield code="s">2025-01-27</subfield>
    <subfield code="t">25</subfield>
    <subfield code="w">2020-11-17</subfield>
    <subfield code="y">BK</subfield>
  </datafield>
  <datafield tag="952" ind1=" " ind2=" ">
    <subfield code="0">0</subfield>
    <subfield code="1">0</subfield>
    <subfield code="2">ddc</subfield>
    <subfield code="4">0</subfield>
    <subfield code="7">0</subfield>
    <subfield code="a">UAPCL</subfield>
    <subfield code="b">UAPCL</subfield>
    <subfield code="c">General Stacks</subfield>
    <subfield code="d">2020-11-17</subfield>
    <subfield code="l">2</subfield>
    <subfield code="o">541.3 BAH</subfield>
    <subfield code="p">3010016122</subfield>
    <subfield code="r">2022-11-30</subfield>
    <subfield code="s">2022-11-28</subfield>
    <subfield code="t">26</subfield>
    <subfield code="w">2020-11-17</subfield>
    <subfield code="y">BK</subfield>
  </datafield>
  <datafield tag="952" ind1=" " ind2=" ">
    <subfield code="0">0</subfield>
    <subfield code="1">0</subfield>
    <subfield code="2">ddc</subfield>
    <subfield code="4">0</subfield>
    <subfield code="7">0</subfield>
    <subfield code="a">UAPCL</subfield>
    <subfield code="b">UAPCL</subfield>
    <subfield code="c">Reserve Stacks</subfield>
    <subfield code="d">2021-01-24</subfield>
    <subfield code="o">541.3 BAH</subfield>
    <subfield code="p">3010011427</subfield>
    <subfield code="r">2021-01-24</subfield>
    <subfield code="t">27</subfield>
    <subfield code="w">2021-01-24</subfield>
    <subfield code="y">BK</subfield>
  </datafield>
  <datafield tag="952" ind1=" " ind2=" ">
    <subfield code="0">0</subfield>
    <subfield code="1">0</subfield>
    <subfield code="2">ddc</subfield>
    <subfield code="4">0</subfield>
    <subfield code="7">0</subfield>
    <subfield code="a">UAPCL</subfield>
    <subfield code="b">UAPCL</subfield>
    <subfield code="c">Reserve Stacks</subfield>
    <subfield code="d">2021-01-24</subfield>
    <subfield code="o">541.3 BAH</subfield>
    <subfield code="p">3010012841</subfield>
    <subfield code="r">2021-01-25</subfield>
    <subfield code="t">28</subfield>
    <subfield code="w">2021-01-24</subfield>
    <subfield code="y">BK</subfield>
  </datafield>
  <datafield tag="952" ind1=" " ind2=" ">
    <subfield code="0">0</subfield>
    <subfield code="1">0</subfield>
    <subfield code="2">ddc</subfield>
    <subfield code="4">0</subfield>
    <subfield code="7">0</subfield>
    <subfield code="a">UAPCL</subfield>
    <subfield code="b">UAPCL</subfield>
    <subfield code="c">Reserve Stacks</subfield>
    <subfield code="d">2021-01-24</subfield>
    <subfield code="o">541.3 BAH</subfield>
    <subfield code="p">3010012840</subfield>
    <subfield code="r">2021-01-25</subfield>
    <subfield code="t">29</subfield>
    <subfield code="w">2021-01-24</subfield>
    <subfield code="y">BK</subfield>
  </datafield>
  <datafield tag="952" ind1=" " ind2=" ">
    <subfield code="0">0</subfield>
    <subfield code="1">0</subfield>
    <subfield code="2">ddc</subfield>
    <subfield code="4">0</subfield>
    <subfield code="7">0</subfield>
    <subfield code="a">UAPCL</subfield>
    <subfield code="b">UAPCL</subfield>
    <subfield code="c">Reserve Stacks</subfield>
    <subfield code="d">2021-01-26</subfield>
    <subfield code="o">541.3 BAH</subfield>
    <subfield code="p">3010012839</subfield>
    <subfield code="r">2021-01-26</subfield>
    <subfield code="t">30</subfield>
    <subfield code="w">2021-01-26</subfield>
    <subfield code="y">BK</subfield>
  </datafield>
  <datafield tag="952" ind1=" " ind2=" ">
    <subfield code="0">0</subfield>
    <subfield code="1">0</subfield>
    <subfield code="2">ddc</subfield>
    <subfield code="4">0</subfield>
    <subfield code="7">0</subfield>
    <subfield code="a">UAPCL</subfield>
    <subfield code="b">UAPCL</subfield>
    <subfield code="c">Reserve Stacks</subfield>
    <subfield code="d">2021-01-26</subfield>
    <subfield code="l">8</subfield>
    <subfield code="m">3</subfield>
    <subfield code="o">541.3 BAH</subfield>
    <subfield code="p">3010016119</subfield>
    <subfield code="r">2025-02-27</subfield>
    <subfield code="s">2025-02-04</subfield>
    <subfield code="t">31</subfield>
    <subfield code="w">2021-01-26</subfield>
    <subfield code="y">BK</subfield>
  </datafield>
  <datafield tag="952" ind1=" " ind2=" ">
    <subfield code="0">0</subfield>
    <subfield code="1">0</subfield>
    <subfield code="2">ddc</subfield>
    <subfield code="4">0</subfield>
    <subfield code="7">0</subfield>
    <subfield code="a">UAPCL</subfield>
    <subfield code="b">UAPCL</subfield>
    <subfield code="c">General Stacks</subfield>
    <subfield code="d">2021-01-26</subfield>
    <subfield code="l">4</subfield>
    <subfield code="m">1</subfield>
    <subfield code="o">541.3 BAH</subfield>
    <subfield code="p">3010011917</subfield>
    <subfield code="r">2026-05-14</subfield>
    <subfield code="s">2026-05-02</subfield>
    <subfield code="t">32</subfield>
    <subfield code="w">2021-01-26</subfield>
    <subfield code="y">BK</subfield>
  </datafield>
  <datafield tag="952" ind1=" " ind2=" ">
    <subfield code="0">0</subfield>
    <subfield code="1">0</subfield>
    <subfield code="2">ddc</subfield>
    <subfield code="4">0</subfield>
    <subfield code="7">0</subfield>
    <subfield code="a">UAPCL</subfield>
    <subfield code="b">UAPCL</subfield>
    <subfield code="c">General Stacks</subfield>
    <subfield code="d">2021-01-26</subfield>
    <subfield code="l">6</subfield>
    <subfield code="m">3</subfield>
    <subfield code="o">541.3 BAH</subfield>
    <subfield code="p">3010011920</subfield>
    <subfield code="r">2025-03-05</subfield>
    <subfield code="s">2025-02-09</subfield>
    <subfield code="t">33</subfield>
    <subfield code="w">2021-01-26</subfield>
    <subfield code="y">BK</subfield>
  </datafield>
  <datafield tag="952" ind1=" " ind2=" ">
    <subfield code="0">0</subfield>
    <subfield code="1">0</subfield>
    <subfield code="2">ddc</subfield>
    <subfield code="4">0</subfield>
    <subfield code="7">0</subfield>
    <subfield code="a">UAPCL</subfield>
    <subfield code="b">UAPCL</subfield>
    <subfield code="c">General Stacks</subfield>
    <subfield code="d">2021-01-26</subfield>
    <subfield code="o">541.3 BAH</subfield>
    <subfield code="p">3010011914</subfield>
    <subfield code="r">2021-01-31</subfield>
    <subfield code="t">34</subfield>
    <subfield code="w">2021-01-26</subfield>
    <subfield code="y">BK</subfield>
  </datafield>
  <datafield tag="952" ind1=" " ind2=" ">
    <subfield code="0">0</subfield>
    <subfield code="1">0</subfield>
    <subfield code="2">ddc</subfield>
    <subfield code="4">0</subfield>
    <subfield code="7">0</subfield>
    <subfield code="a">UAPCL</subfield>
    <subfield code="b">UAPCL</subfield>
    <subfield code="c">General Stacks</subfield>
    <subfield code="d">2021-01-26</subfield>
    <subfield code="o">541.3 BAH</subfield>
    <subfield code="p">3010016126</subfield>
    <subfield code="r">2021-01-31</subfield>
    <subfield code="t">35</subfield>
    <subfield code="w">2021-01-26</subfield>
    <subfield code="y">BK</subfield>
  </datafield>
</record>
